[Event "Autoteam"]
[Site "Budapest"]
[Date "1991.??.??"]
[Round "2"]
[White "Szabolcsi, Janos"]
[Black "Engqvist, Thomas"]
[Result "0-1"]
[WhiteElo "2350"]
[BlackElo "2365"]

1.d4 Nf6 2.Nf3 d5 3.c4 c6 4.Nc3 a6 5.e3 b5 6.cxd5 cxd5 7.Ne5 e6 8.Bd3 Bb7
9.O-O Nbd7 10.f4 Be7 11.a3 Ne4 12.Qf3 Ndf6 13.Ne2 O-O 14.Ng3 Nxg3 15.Qxg3 Ne4
16.Qh3 Qd6 17.Bd2 a5 18.Be1 f6 19.Nf3 Qb6 20.Bh4 b4 21.Rfc1 Rfc8 22.Be1 Rxc1
23.Rxc1 bxa3 24.bxa3 Bxa3 25.Rb1 Qc6 26.Nd2 Bb4 27.Bxe4 dxe4 28.Nb3 Bxe1
29.Rxe1 a4 30.Nc5 a3 31.Ra1 a2 32.g3 Qb6 33.Nxb7 Qb1+ 34.Qf1 Qxb7 35.Kg2 Qb2+
36.Kh3 Ra5  0-1

[Event "Groningen op"]
[Site "Groningen"]
[Date "1991.??.??"]
[Round "4"]
[White "De Boer, Gert Jan"]
[Black "Velicka, Petr"]
[Result "1/2-1/2"]
[WhiteElo "2430"]
[BlackElo "2375"]

1.d4 d5 2.c4 c6 3.Nf3 Nf6 4.Nc3 a6 5.e3 b5 6.b3 Bg4 7.Be2 e6 8.O-O Be7 9.Bb2 Nbd7
10.Nd2 Bxe2 11.Qxe2 bxc4 12.bxc4 dxc4 13.Nxc4 c5 14.Rfd1 cxd4 15.Rxd4 Qc7
16.e4 Ne5 17.Nxe5 Qxe5 18.Ra4 Qb8 19.Rb1 Qc8 20.Rc4 Qb7 21.Ba3 Qa7 22.Bxe7 Qxe7
23.Ra4 O-O 24.Rxa6 Rac8 25.Nd1 Rc7 26.Rab6 Qc5 27.g3 Qc2 28.Qxc2  1/2-1/2

[Event "Groningen op"]
[Site "Groningen"]
[Date "1991.??.??"]
[Round "8"]
[White "Zlotnik, Boris A"]
[Black "Velicka, Petr"]
[Result "1/2-1/2"]
[WhiteElo "2450"]
[BlackElo "2375"]

1.d4 d5 2.c4 c6 3.Nf3 Nf6 4.Nc3 a6 5.c5 Nbd7 6.Bf4 Nh5 7.Bd2 e5 8.dxe5 Nxc5
9.e3 g6 10.Nd4 Be7 11.Be2 Ng7 12.O-O O-O 13.Rc1 Kh8 14.a3 f6 15.exf6 Bxf6
16.b4 Bxd4 17.exd4 Nce6 18.Be3 Nf5 19.Qd2 Bd7 20.Bg4 Qf6 21.Bxf5 Qxf5 22.Na4 Rae8
23.Nc5 Bc8 24.Bh6 Nf4 25.Bxf4 Qxf4 26.Rcd1 b6 27.Na4 a5 28.Nxb6 Ba6 29.Qxf4 Rxf4
30.bxa5 Bxf1 31.Kxf1 Rf7 32.Rc1 Ra7 33.Rxc6 Rxa5 34.Nd7 Rxa3 35.g4 g5 36.Nf6 Rf8
37.Nxd5 Raf3 38.Rc2 Rd3 39.Nc7 Rc8 40.Rc4 Rh3 41.d5 Rxh2 42.d6 Rh1+ 43.Ke2 Rh6
44.Rd4  1/2-1/2

[Event "POL-chT"]
[Site "Mikolajki"]
[Date "1991.??.??"]
[Round "3"]
[White "Schmidt, Wlodzimierz"]
[Black "Urban, Klaudiusz"]
[Result "1/2-1/2"]
[WhiteElo "2460"]
[BlackElo "2395"]

1.Nf3 Nf6 2.c4 c6 3.d4 d5 4.Nc3 a6 5.cxd5 cxd5 6.Bf4 Nc6 7.e3 Bg4 8.Be2 e6
9.O-O Bd6 10.Bxd6 Qxd6 11.Ne1 Bxe2 12.Qxe2 O-O 13.Nd3 Nd7 14.Rac1 Nb4 15.Nxb4 Qxb4
16.a3 Qa5 17.Rc2 Rac8 18.Rfc1  1/2-1/2

[Event "Podgorica"]
[Site "Podgorica"]
[Date "1991.??.??"]
[Round "9"]
[White "Djurovic, Dejan"]
[Black "Engqvist, Thomas"]
[Result "0-1"]
[WhiteElo "2315"]
[BlackElo "2355"]

1.d4 d5 2.Nf3 Nf6 3.c4 c6 4.Nc3 a6 5.e3 b5 6.cxd5 cxd5 7.Be2 e6 8.O-O Nbd7
9.Bd2 Bd6 10.Ne1 O-O 11.Nd3 Bb7 12.Qb3 Qe7 13.Rfc1 Rac8 14.Nd1 e5 15.Bb4 exd4
16.Bxd6 Qxd6 17.exd4 Qb6 18.a4 Qxd4 19.axb5 Rce8 20.bxa6 Bxa6 21.Rxa6 Rxe2
22.Ra4 Nc5 23.Rxc5 Qxc5 24.Nc3 Qxf2+  0-1

[Event "Porz op27"]
[Site "Porz"]
[Date "1991.??.??"]
[Round "6"]
[White "Chuchelov, Vladimir"]
[Black "Glek, Igor V"]
[Result "1/2-1/2"]
[WhiteElo "2420"]
[BlackElo "2540"]

1.d4 d5 2.c4 c6 3.Nf3 Nf6 4.Nc3 a6 5.cxd5 cxd5 6.Bf4 Nc6 7.e3 Bg4 8.Be2 e6
9.O-O Bxf3 10.Bxf3 Bd6 11.Bxd6 Qxd6  1/2-1/2

[Event "Rilton Cup"]
[Site "Stockholm"]
[Date "1991.??.??"]
[Round "5"]
[White "Gretarsson, Helgi Ass"]
[Black "Engqvist, Thomas"]
[Result "1-0"]
[WhiteElo "2260"]
[BlackElo "2355"]

1.d4 Nf6 2.c4 c6 3.Nc3 d5 4.Nf3 a6 5.cxd5 cxd5 6.Bf4 Nc6 7.e3 Bg4 8.Be2 e6
9.O-O Be7 10.Qb3 Na5 11.Qc2 O-O 12.Rac1 Rc8 13.Ne5 Bxe2 14.Qxe2 Nd7 15.Qg4 Nf6
16.Qe2 Nc4 17.Nd3 Qa5 18.Bg5 h6 19.Bxf6 Bxf6 20.b3 Nd6 21.Na4 Be7 22.Nac5 Rfd8
23.Ne5 Qb6 24.Qg4 Bf8 25.Nxe6 fxe6 26.Qxe6+ Kh7 27.Qg6+ Kg8 28.Nf7 Rxc1 29.Rxc1 Rd7
30.Nxh6+ Kh8 31.Qe6 gxh6 32.Qxd7 Qb5 33.Rc7 Qxd7 34.Rxd7 a5 35.Kf1 Kg8 36.Ke2 b5
37.Ra7 Ne4 38.Rxa5 Kf7 39.f3 Nc3+ 40.Kd3 b4 41.e4 Ke6 42.Ra6+ Kf7 43.a4  1-0

[Event "Taby op"]
[Site "Taby"]
[Date "1991.??.??"]
[Round "?"]
[White "Bator, Robert"]
[Black "Engqvist, Thomas"]
[Result "0-1"]
[WhiteElo "2355"]
[BlackElo "2365"]

1.d4 Nf6 2.Nf3 d5 3.c4 c6 4.Nc3 a6 5.a4 g6 6.cxd5 cxd5 7.Qb3 Nc6 8.Bg5 Na5
9.Qa2 h6 10.Bh4 g5 11.Bg3 Bf5 12.e3 e6 13.Be2 Qb6 14.O-O Qb3 15.Nd2 Qxa2
16.Nxa2 Nc6 17.Rfc1 Kd7 18.f3 h5 19.Nb3 h4 20.Be1 g4 21.Nc5+ Bxc5 22.Rxc5 h3
23.Nb4 Nxb4 24.Bxb4 gxf3 25.Bxf3 Rac8 26.Rac1 Rxc5 27.Rxc5 b6 28.Rc1 Be4
29.Be1 hxg2 30.Bxe4 dxe4 31.Bg3 Nd5 32.Bf2 Rg8 33.Rc2 f6 34.h3 Nb4 35.Re2 Nd3
36.Bh4 Rh8 37.Bxf6 Rxh3 38.Kxg2 Rf3 39.Bh4 Rf8 40.Be1 Rc8 41.Bc3 Rc4 42.Kg3 Rxa4
43.Rh2 b5 44.d5 e5 45.Rh6 b4 46.Bxe5 Nxe5 47.Kf4 Nd3+ 48.Kxe4 Nxb2 49.Kd4 Ra3
50.e4 Rd3+ 51.Kc5 b3 52.Rxa6 Rc3+ 53.Kd4 Rc4+ 54.Ke3 Nd1+ 55.Kd2 Rd4+ 56.Kc1 b2+
57.Kb1 Rc4 58.Rb6 Rc1+ 59.Ka2 Ra1+  0-1

[Event "Bucharest-B"]
[Site "Bucharest"]
[Date "1992.??.??"]
[Round "?"]
[White "Marinelli, Tullio"]
[Black "Spulber, Cicerone"]
[Result "1-0"]
[WhiteElo "2320"]
[BlackElo "2345"]

1.d4 d5 2.Nf3 Nf6 3.c4 c6 4.Nc3 a6 5.cxd5 cxd5 6.Bf4 e6 7.e3 Nc6 8.Bd3 Be7
9.O-O O-O 10.Ne5 Bd7 11.Rc1 Rc8 12.Qf3 Nxe5 13.Bxe5 g6 14.Rc2 Bb5 15.Bxb5 axb5
16.Bxf6 Bxf6 17.Rfc1 Bg7 18.Nxb5 Rxc2 19.Rxc2 Qa5 20.Nc3 b5 21.a3 Rc8 22.g3 Bf8
23.Qe2 Rc4 24.Na2 h5 25.h4 Be7 26.Kg2 Qc7 27.Rxc4 bxc4 28.Qc2 e5 29.Qd2 e4
30.Nc3 Qd7 31.Qd1 Qb7 32.Qa4 Qxb2 33.Nxd5 Qxa3 34.Qxc4 Kg7 35.Nc3 Qc1 36.Qb3 f5
37.Ne2 Qc7 38.Nf4 Qd6 39.Qb7 Kh6 40.Nd5 Bf8 41.Qf7 Bg7 42.Nf4 Qf6 43.Qe8 Qd6
44.Ne6 Bf6 45.Qg8 Qe7 46.Ng5  1-0

[Event "CSR-chT"]
[Site "CSR"]
[Date "1992.??.??"]
[Round "?"]
[White "Vrbata, Zbynek"]
[Black "Velicka, Petr"]
[Result "0-1"]
[WhiteElo "2325"]
[BlackElo "2410"]

1.d4 d5 2.c4 c6 3.Nc3 Nf6 4.Nf3 a6 5.e3 b5 6.cxd5 cxd5 7.Bd3 e6 8.O-O Nbd7
9.Bd2 Bb7 10.Ne2 Bd6 11.Qe1 Qe7 12.a3 O-O 13.Bb4 Ne4 14.Nc1 Nb6 15.Nb3 Nc4
16.Ra2 Rfc8 17.Bxd6 Qxd6 18.Nfd2 Nexd2 19.Nxd2 Nxd2 20.Qxd2 Rc7 21.h3 Rac8
22.Raa1 h6 23.Rfd1 Qb6 24.Qb4 Bc6 25.Rdc1 Be8 26.Qd2 a5 27.b4 Rxc1+ 28.Rxc1 Rxc1+
29.Qxc1 axb4 30.axb4 Kf8 31.Kf1 Ke7 32.Ke2 Qc6 33.Qc5+ Qxc5 34.bxc5 b4 35.Kd2 Ba4
36.g3 Bb3 37.Bb1 Bc4 38.Bd3 f6 39.Bb1 e5 40.Bd3  0-1

[Event "CSR-chT"]
[Site "CSR"]
[Date "1992.??.??"]
[Round "?"]
[White "Orsag, Milan"]
[Black "Velicka, Petr"]
[Result "0-1"]
[WhiteElo "2415"]
[BlackElo "2410"]

1.d4 d5 2.Nf3 c6 3.c4 Nf6 4.Nc3 a6 5.cxd5 cxd5 6.Bf4 Nc6 7.e3 Bg4 8.h3 Bxf3
9.Qxf3 e6 10.Bd3 Bd6 11.O-O O-O 12.Rac1 Rc8 13.Bg5 h6 14.Bh4 b5 15.Rfd1 Be7
16.Qe2 Ne4 17.Bxe7 Nxc3 18.Rxc3 Nxe7 19.Rdc1 Qd7 20.Rc5 Rxc5 21.Rxc5 Rc8
22.Qc2 Qb7 23.a4 Rxc5 24.Qxc5 bxa4 25.Qa5 Ng6 26.Qc3 a5 27.Bc2 Qb4 28.Qxb4 axb4
29.Bxa4 Ne7 30.Bd7 Nf5 31.Kf1 Nd6 32.Ke2 Nc4 33.Kd3 Nxb2+ 34.Kc2 Nc4 35.Kb3 Nd2+
36.Kxb4 Ne4 37.f3 Ng3 38.Kc5 Kf8 39.Bb5 Nf5 40.e4 Ne3 41.g3 Ke7 42.Be2 g5
43.Kb4 f5 44.e5 h5 45.Kc3 h4 46.Kd2 hxg3  0-1

[Event "BL2-O9192"]
[Site "Germany"]
[Date "1992.??.??"]
[Round "?"]
[White "Lorenz, Gerd"]
[Black "Dobosz, Henryk"]
[Result "0-1"]
[WhiteElo "2240"]
[BlackElo "2415"]

1.d4 d5 2.Nf3 Nf6 3.c4 c6 4.Nc3 a6 5.cxd5 cxd5 6.Bf4 Nc6 7.e3 Bg4 8.Qb3 Na5
9.Qc2 Bxf3 10.gxf3 e6 11.Bd3 Be7 12.Rg1 g6 13.Bh6 Rc8 14.Ke2 Rc6 15.Rgc1 Nd7
16.f4 f5 17.Kf1 Rg8 18.Qe2 Nf6 19.h3 Kf7 20.Rc2 Qd6 21.Rac1 Rgc8 22.Bg5 b5
23.a4 Nb3 24.Rd1 b4 25.Na2 Rxc2 26.Bxc2 Na5 27.Bd3 b3 28.Nc1 Rc6 29.Bb1 Ne4
30.h4 Bf8 31.Nd3 Nc4 32.Ne5+ Nxe5 33.fxe5 Qc7 34.Kg2 Bb4 35.Qd3 Rb6 36.Qxb3 Nxf2
37.Rf1 Be7 38.Qc3 Qxc3 39.bxc3 Bxg5 40.hxg5 Ng4 41.Re1 Nxe3+ 42.Kf3 Nc4 43.Bd3 Rb3
44.Rc1 Nb2 45.Bxa6 Nxa4 46.Kf4 Nxc3 47.Rc2 Ke7 48.Rh2 h5 49.Rc2 Kd8 50.Bc8 Nb5
51.Bxe6 Nxd4 52.Bxd5 Rb5 53.Bc6 Rb4  0-1

[Event "Katowice op"]
[Site "Katowice"]
[Date "1992.??.??"]
[Round "2"]
[White "Gleizerov, Evgeny"]
[Black "Berezjuk, Sergej"]
[Result "1/2-1/2"]
[WhiteElo "2525"]
[BlackElo "2380"]

1.d4 d5 2.c4 c6 3.Nf3 Nf6 4.Nc3 a6 5.e3 b5 6.b3 Bg4 7.h3 Bxf3 8.Qxf3 bxc4
9.bxc4 e5 10.Rb1 Qa5 11.Qf5 Nbd7 12.Bd2 Bb4 13.Qc2 O-O 14.Bd3 exd4 15.exd4 Rfe8+
16.Ne2 Bxd2+ 17.Qxd2 Qxd2+ 18.Kxd2 c5  1/2-1/2

[Event "Katowice op"]
[Site "Katowice"]
[Date "1992.??.??"]
[Round "5"]
[White "Schmidt, Wlodzimierz"]
[Black "Berezjuk, Sergej"]
[Result "1/2-1/2"]
[WhiteElo "2465"]
[BlackElo "2380"]

1.Nf3 Nf6 2.c4 c6 3.d4 d5 4.Nc3 a6 5.e3 b5 6.b3 Bg4 7.Be2 Nbd7 8.O-O e6 9.h3 Bh5
10.Nd2 Bg6 11.a4 b4 12.Na2 a5 13.Bb2 Bd6 14.Nc1 O-O 15.Nd3 Ne4 16.Rc1 Rc8
17.Nf4 Bxf4 18.exf4 Nxd2 19.Qxd2 Qb6  1/2-1/2

[Event "Katowice op"]
[Site "Katowice"]
[Date "1992.??.??"]
[Round "6"]
[White "Urban, Klaudiusz"]
[Black "Velicka, Petr"]
[Result "0-1"]
[WhiteElo "2465"]
[BlackElo "2410"]

1.d4 d5 2.Nf3 Nf6 3.c4 c6 4.Nc3 a6 5.Qb3 e6 6.a4 dxc4 7.Qxc4 b5 8.Qd3 Bb7
9.g3 Nbd7 10.Bg2 b4 11.Ne4 c5 12.Nxf6+ Nxf6 13.O-O Rc8 14.Bg5 c4 15.Qd2 a5
16.Bxf6 Qxf6 17.Ne5 Bxg2 18.Kxg2 Bd6 19.Ng4 Qg6 20.f3 O-O 21.Rfc1 Rc7 22.Rc2 Rfc8
23.Ne3 b3 24.Rcc1 Bb4 25.Qd1 Qg5 26.Nf1 c3 27.h4 Qd8 28.Qxb3 cxb2 29.Qxb2 Bc3
30.Rxc3 Rxc3 31.Qb5 Qxd4 32.Qxa5 Rxf3 33.Kxf3 Qxa1 34.Ne3 Qc3 35.Qa7 Qc5  0-1

[Event "Katowice op"]
[Site "Katowice"]
[Date "1992.??.??"]
[Round "9"]
[White "Sorokin, Maxim"]
[Black "Berezjuk, Sergej"]
[Result "1/2-1/2"]
[WhiteElo "2570"]
[BlackElo "2380"]

1.d4 d5 2.c4 c6 3.Nf3 Nf6 4.Nc3 a6 5.e3 b5 6.cxd5 cxd5 7.Bd3 e6 8.Ne5 Be7
9.O-O O-O 10.Bd2 Bb7 11.Qe2 Nbd7 12.Nxd7  1/2-1/2

[Event "Manila ol (Men)"]
[Site "Manila"]
[Date "1992.??.??"]
[Round "?"]
[White "Alterman, Boris"]
[Black "Titov, German"]
[Result "1-0"]
[WhiteElo "2515"]
[BlackElo "2490"]

1.d4 d5 2.c4 c6 3.Nf3 Nf6 4.Nc3 a6 5.Ne5 g6 6.Bf4 Bg7 7.e3 Nh5 8.Bg3 Nxg3
9.hxg3 Nd7 10.Nxd7 Qxd7 11.cxd5 cxd5 12.Qb3 e6 13.Na4 Qd8 14.Bd3 O-O 15.O-O e5
16.Nb6 Rb8 17.Nxc8 Rxc8 18.dxe5 Bxe5 19.Rad1 Qe7 20.Qxd5 Bxb2 21.Rb1 Rfd8
22.Qe4 Qa3 23.Bc4 b5 24.Bb3 Rc7 25.Rfd1 Rdc8 26.Rd3 Bc3 27.Rbd1 Qe7 28.Qg4 Qb4
29.Qh3 Bf6 30.Rd7 Be7 31.R7d4 Qc5 32.Bxf7+ Kg7 33.Bb3 Qf5 34.Qxf5 gxf5 35.Be6 Rf8
36.Rd7 Rxd7 37.Rxd7 Kf6 38.Bxf5 Kxf5 39.Rxe7 Rc8 40.e4+  1-0

[Event "Manila ol (Men)"]
[Site "Manila"]
[Date "1992.??.??"]
[Round "?"]
[White "Aguilar, Juan"]
[Black "Popchev, Milko"]
[Result "0-1"]
[WhiteElo "2315"]
[BlackElo "2465"]

1.d4 d5 2.Nf3 c6 3.c4 Nf6 4.Nc3 a6 5.e3 e6 6.Bd3 b5 7.b3 Nbd7 8.O-O Bd6 9.Qc2 Qe7
10.e4 dxc4 11.bxc4 e5 12.d5 cxd5 13.Nxd5 Nxd5 14.cxd5 O-O 15.Be3 Bb7 16.Nd2 Rac8
17.Qb2 Nc5 18.Bc2 Rb8 19.Qc1 Rfc8 20.Qd1 Rc7 21.Qg4 Nd7 22.Bd1 Bc8 23.Qe2 Nb6
24.a4 Bd7 25.Re1 Nxa4 26.Bxa4 bxa4 27.Rec1 Bb5 28.Qg4 Rbb7 29.Nf1 Qd7 30.Qg3 Rxc1
31.Bxc1 Bxf1 32.Kxf1 Rb3 33.Qg5 a3 34.Qd2 Qb5+ 35.Qe2 Kf8 36.f3 Ke8 37.Kf2 Bc5+
38.Ke1 Qb4+ 39.Qd2 Qc4 40.Qe2  0-1

[Event "Ostrava op"]
[Site "Ostrava"]
[Date "1992.??.??"]
[Round "4"]
[White "Dydyshko, Viacheslav"]
[Black "Velicka, Petr"]
[Result "1/2-1/2"]
[WhiteElo "2500"]
[BlackElo "2410"]

1.d4 d5 2.c4 c6 3.Nf3 Nf6 4.Nc3 a6 5.cxd5 cxd5 6.Bf4 Nc6 7.Rc1 Ne4 8.e3 Nxc3
9.bxc3 Bg4 10.Bd3 e6 11.Rb1 b5 12.O-O Bd6 13.Bxd6 Qxd6 14.a4 b4 15.Qb3 Bxf3
16.gxf3 a5 17.Rfc1 O-O 18.Bb5 Rfc8 19.Rc2 g6 20.Rbc1  1/2-1/2

[Event "Ostrava op"]
[Site "Ostrava"]
[Date "1992.??.??"]
[Round "8"]
[White "Belov, Igor"]
[Black "Velicka, Petr"]
[Result "1/2-1/2"]
[WhiteElo "2435"]
[BlackElo "2410"]

1.Nf3 d5 2.d4 Nf6 3.c4 c6 4.Nc3 a6 5.a4 e6 6.Bg5 Be7 7.e3 a5 8.Bd3 Na6 9.O-O Nb4
10.Ne5 O-O 11.Rc1 Bd7 12.Bb1 Rc8 13.c5 Be8 14.Re1 b6 15.cxb6 Qxb6 16.e4 Qd8
17.exd5 cxd5 18.Qe2 Bc6 19.h3 h6 20.Bh4 Qb6 21.Rcd1 Bd8 22.Qf3 Nd7 23.Bg3 Nxe5
24.Bxe5 Bc7 25.Bxg7 Kxg7 26.Qg4+ Kf6 27.Qh4+ Kg7 28.Qg4+ Kf6 29.Qh4+  1/2-1/2

[Event "POL-ch"]
[Site "?"]
[Date "1992.??.??"]
[Round "8"]
[White "Schmidt, Wlodzimierz"]
[Black "Seifert, Henryk"]
[Result "1/2-1/2"]
[WhiteElo "2465"]
[BlackElo "2330"]

1.Nf3 d5 2.d4 c6 3.c4 Nf6 4.Nc3 a6 5.cxd5 cxd5 6.Bf4 Nc6 7.Ne5 e6 8.e3 Nxe5
9.Bxe5 Bd6 10.Bd3 O-O 11.O-O Qe7 12.Rc1 Bd7 13.Qf3 Bc6 14.Qg3 Rad8 15.Rc2 Ne8
16.Bxd6 Nxd6 17.Rfc1 Rc8 18.h3 h6 19.a3 Rfd8 20.Na2 Bd7 21.Qf3 Rxc2 22.Rxc2 Rc8
23.Qe2 Qd8 24.Rxc8  1/2-1/2

[Event "POL-ch"]
[Site "?"]
[Date "1992.??.??"]
[Round "13"]
[White "Jasnikowski, Zbigniew"]
[Black "Seifert, Henryk"]
[Result "1-0"]
[WhiteElo "2450"]
[BlackElo "2330"]

1.d4 d5 2.c4 c6 3.Nf3 Nf6 4.Nc3 a6 5.cxd5 cxd5 6.Bf4 Nc6 7.e3 Bg4 8.h3 Bxf3
9.Qxf3 e6 10.Bd3 Bd6 11.O-O O-O 12.a3 Bxf4 13.Qxf4 Na5 14.b4 Nc4 15.Na4 Qe8
16.Nc3 Rc8 17.Rfc1 Qd7 18.Rc2 Rc7 19.Na4 Rfc8 20.Nc5 Qd6 21.Qf3 Qe7 22.a4 Nd6
23.Rac1 Nd7 24.a5 Nb8 25.Qe2 Nc6 26.Qd2 Na7 27.Na4 Nab5 28.Rc5 Rxc5 29.bxc5 Ne4
30.Qc2 f5 31.Nb6 Rc7 32.Bxb5 axb5 33.Qb2 Qh4 34.Rf1 Rf7 35.Qxb5 Rf8 36.Qd7 Qh6
37.Qxb7 f4 38.exf4 Qxf4 39.Nd7 Rf6 40.Qc8+ Kf7 41.Ne5+ Ke7 42.Qd7+ Kf8 43.Qd8+  1-0

[Event "CSR-ch"]
[Site "Prague"]
[Date "1992.??.??"]
[Round "2"]
[White "Tobyas, Miroslav"]
[Black "Velicka, Petr"]
[Result "0-1"]
[WhiteElo "2310"]
[BlackElo "2410"]

1.d4 d5 2.c4 c6 3.Nc3 Nf6 4.Nf3 a6 5.cxd5 cxd5 6.Ne5 e6 7.g3 b5 8.Bg2 Bb7
9.O-O Nbd7 10.Bg5 Be7 11.Bxf6 Bxf6 12.f4 O-O 13.Qd3 Rc8 14.Rad1 g6 15.h4 Nb6
16.a3 Nc4 17.Rb1 Qb6 18.e3 Rc7 19.h5 Rfc8 20.hxg6 hxg6 21.Rfc1 Nxe5 22.fxe5 Be7
23.Ne2 b4 24.a4 Rxc1+ 25.Rxc1 Rxc1+ 26.Nxc1 Qc6 27.Nb3 Qxa4 28.Bf1 Bc6 29.Qc2 Kg7
30.Kf2 Bb5 31.Bxb5 Qxb5 32.Nc1 Qc4 33.Qd2 a5 34.b3 Qc6 35.Qd1 Qc3 36.Ne2 Qb2
37.Kf3 Bd8  0-1

[Event "CSR-ch"]
[Site "Prague"]
[Date "1992.??.??"]
[Round "8"]
[White "Stohl, Igor"]
[Black "Velicka, Petr"]
[Result "1/2-1/2"]
[WhiteElo "2560"]
[BlackElo "2410"]

1.d4 d5 2.c4 c6 3.Nc3 Nf6 4.Nf3 a6 5.c5 Nbd7 6.Bf4 Nh5 7.Bd2 Qc7 8.g3 g6
9.Bg2 Bg7 10.O-O O-O 11.Bg5 Re8 12.Qd2 f6 13.Bh6 Nf8 14.Rfe1 Be6 15.e4 dxe4
16.Rxe4 Rad8 17.Bxg7 Nxg7 18.Rae1 Kf7 19.h3 Rd7 20.Qe2 Red8 21.b4 h5 22.a4 b5
23.cxb6 Qxb6 24.b5 axb5 25.axb5 cxb5 26.d5 Rxd5 27.Nxd5 Rxd5 28.Qb2 Nf5 29.Ng5+ fxg5
30.Rxe6 Qxe6 31.Rxe6 Rd1+ 32.Kh2 Nxe6 33.Qxb5 h4 34.gxh4 gxh4 35.Bd5 Rd2
36.Qc4 Nd4 37.Kg2 Kf6 38.Bxe6 Nxe6 39.Qxh4+ Kf7 40.Qh7+ Ng7  1/2-1/2

[Event "ROM-chT"]
[Site "?"]
[Date "1992.??.??"]
[Round "?"]
[White "Ghitescu, Theodor"]
[Black "Dominte, Marian"]
[Result "1-0"]
[WhiteElo "2435"]
[BlackElo "2360"]

1.d4 d5 2.c4 c6 3.Nf3 Nf6 4.Nc3 a6 5.c5 g6 6.Bf4 Bg7 7.h3 O-O 8.e3 Nfd7 9.Be2 f6
10.g4 e5 11.Bg3 a5 12.a3 Na6 13.Qc2 Nc7 14.h4 Re8 15.O-O-O Ne6 16.h5 e4 17.Nh4 Ndf8
18.hxg6 hxg6 19.Na4 Bd7 20.Nb6 Ra7 21.Bd6 Kf7 22.f4 g5 23.Nf5 Nc7 24.Nxd7 Qxd7
25.Bxc7 Qxc7 26.Nd6+ Ke7 27.fxg5 Rd8 28.Rdf1  1-0

[Event "Stockholm op2"]
[Site "Stockholm"]
[Date "1992.??.??"]
[Round "?"]
[White "Sjoberg, Mats"]
[Black "Backelin, Rikard"]
[Result "0-1"]
[WhiteElo "2470"]
[BlackElo "2275"]

1.d4 d5 2.c4 c6 3.Nf3 Nf6 4.Nc3 a6 5.e3 b5 6.b3 Bf5 7.Be2 e6 8.Ne5 Bd6 9.f4 Bb4
10.Bd2 Bxc3 11.Bxc3 Ne4 12.Bb4 Qh4+ 13.g3 Nxg3 14.Nf3 Qh6 15.Rg1 Ne4 16.cxb5 axb5
17.Qc1 f6 18.Bxb5 Kd7 19.Ba4 Rc8 20.Qa3 g6 21.O-O-O Na6 22.Kb2 Nxb4 23.Qxb4 Rcb8
24.Bxc6+ Kxc6 25.Qe7 Qf8 26.Rc1+ Kb5 27.a4+ Ka5 28.Qc7+ Rb6 29.Rc6 Qb4 30.Rxb6 Qxb6
31.b4+ Ka6 32.b5+ Ka5 33.Qc2 Qd6 34.Nd2 Nxd2 35.Qxd2+ Qb4+  0-1

[Event "Morava-ch U20"]
[Site "Valtice"]
[Date "1992.??.??"]
[Round "3"]
[White "Babula, Vlastimil"]
[Black "Fuksik, Jaroslav"]
[Result "1-0"]
[WhiteElo "2340"]
[BlackElo "2150"]

1.d4 d5 2.c4 c6 3.Nf3 Nf6 4.Nc3 a6 5.e3 b5 6.b3 Bg4 7.Be2 Nbd7 8.O-O e6 9.Bb2 Bd6
10.Rc1 O-O 11.Nd2 Bxe2 12.Qxe2 bxc4 13.bxc4 Bxh2+ 14.Kh1 Bd6 15.g3 Qe7 16.Rc2 Bb4
17.e4 dxe4 18.Ndxe4 Nxe4 19.Nxe4 Nf6 20.Kg2 Nxe4 21.Qxe4 Qd7 22.Rh1 f5 23.Qf3 Bd6
24.Re2 Rae8 25.Rhe1 Re7 26.d5 cxd5 27.cxd5 Rfe8 28.Rxe6 Rxe6 29.dxe6 Qb5
30.Ba1 Re7 31.Qa8+ Re8 32.Qa7 Re7 33.Qd4 Qb4 34.Qd5 Qb7 35.Qxb7 Rxb7 36.Rc1 Rc7
37.Rb1 Re7 38.Rb6 Rxe6 39.Rxa6 Re1 40.Bc3 Rd1 41.Ra8+ Kf7 42.Ra7+ Ke6 43.Rxg7 Rd3
44.Ba5 Ra3 45.Bb6 Rxa2 46.Rxh7 Be5 47.Be3 Rb2 48.Ra7 Rc2 49.Kh3 Rc4 50.Bg5 Rc7
51.Ra6+ Kf7 52.Kh4 Rc2 53.Be3 f4 54.gxf4 Bxf4 55.Bxf4 Rxf2 56.Kg5 Ke7 57.Kf5 Kd7
58.Ke4 Rb2 59.Rd6+ Ke7 60.Kf5 Ra2 61.Rd5 Rf2 62.Rc5 Kd8 63.Rc4 Re2 64.Be5 Ra2
65.Ke6 Ra6+ 66.Bd6 Rb6 67.Rc3 Ra6 68.Rh3 Kc8 69.Rb3 Ra8 70.Ke7 Ra7+ 71.Ke8  1-0

[Event "Oberliga Bayern9394"]
[Site "Bayern"]
[Date "1993.??.??"]
[Round "?"]
[White "Vodicka, Vladimir"]
[Black "Velicka, Petr"]
[Result "1/2-1/2"]
[WhiteElo "2355"]
[BlackElo "2420"]

1.d4 d5 2.Nf3 Nf6 3.c4 c6 4.Nc3 a6 5.cxd5 cxd5 6.Bf4 Nc6 7.e3 Bg4 8.Be2 e6
9.O-O Bd6 10.Bg3 O-O 11.Ne5 Bxe2 12.Qxe2 Bxe5 13.dxe5 Nd7 14.f4 b5 15.Qh5 b4
16.Ne2 f5 17.exf6 Nxf6 18.Qh3 Qd7 19.f5 e5 20.Rad1 Ne4 21.Bh4 Rf7 22.g4 Raf8
23.Qg2 a5 24.Ng3 Nxg3 25.Bxg3 d4  1/2-1/2

[Event "Berliner Sommer"]
[Site "Berlin"]
[Date "1993.??.??"]
[Round "?"]
[White "Guliev, Sarhan"]
[Black "Erneste, Inguna"]
[Result "1-0"]
[WhiteElo "2465"]
[BlackElo "2325"]

1.d4 d5 2.c4 c6 3.Nc3 Nf6 4.Nf3 a6 5.cxd5 cxd5 6.Bg5 Ne4 7.Bh4 Nc6 8.e3 Qa5
9.Qb3 e6 10.Bd3 f5 11.Bg3 Be7 12.Bxe4 fxe4 13.Ne5 Nxe5 14.Bxe5 O-O 15.O-O Qd8
16.Rac1 b5 17.Ne2 a5 18.Rc7 Bd7 19.Rfc1 b4 20.Nf4 Qe8 21.Nxd5 Bd8 22.Rb7 Rf7
23.Nc7 Rc8 24.Qc2 Qf8 25.Bg3 Bxc7 26.Rxc7 Rxc7 27.Qxc7 Qa8 28.Qb6 h6 29.Rc5 Rf5
30.Be5 Qf8 31.Rc2 Qa8 32.h3 Kh7 33.b3 a4 34.Qxb4 axb3 35.axb3 Rf7 36.Kh2 Bc6
37.Qd6 Bd5 38.b4 Qb7 39.Qc5 Rd7 40.b5 Rf7 41.b6 Rd7 42.Qa5 Bc6 43.Rc5 Rf7
44.Qc3 Be8 45.Qb3 Re7 46.Ra5 Qc6 47.Ra7 Rxa7 48.bxa7 Qa6 49.Qb8 Bc6 50.Qd6 Qc8
51.Qe7 Qg8 52.h4 h5 53.Kg3 Bd5 54.Kf4 Bc6 55.Kg5 Bd5 56.Kxh5 Bc6 57.Kg5 Bd5
58.h5  1-0

[Event "Brno-B"]
[Site "Brno"]
[Date "1993.??.??"]
[Round "7"]
[White "Stangl, Markus"]
[Black "Velicka, Petr"]
[Result "1/2-1/2"]
[WhiteElo "2525"]
[BlackElo "2420"]

1.Nf3 d5 2.d4 Nf6 3.c4 c6 4.Nc3 a6 5.a4 e6 6.a5 Nbd7 7.Bf4 Bb4 8.Qa4 Bxc3+
9.bxc3 b5 10.cxb5 cxb5 11.Qb4 Ne4 12.e3 Qe7 13.Bd3 Bb7 14.Nd2 Qxb4 15.cxb4 Nxd2
16.Kxd2 Ke7 17.f3 Rac8 18.h4 h5 19.Rh3 Nb8 20.Rg3 g6 21.Bg5+ Kd7 22.Bf6 Rhg8
23.e4 Nc6 24.Rb1 Ne7 25.Rg5 Rge8 26.Re1 Nc6 27.Rb1 Ne7 28.g4 hxg4 29.Rxg4 Ng8
30.Bg7 Ne7 31.Rg5 dxe4 32.fxe4 f5 33.exf5 exf5 34.Rbg1 Be4 35.Bxe4 fxe4 36.Re5 Nf5
37.Rxg6 Rxe5 38.Bxe5 e3+ 39.Kd3 Rc1 40.Bf6 Rd1+ 41.Ke2 Rd2+ 42.Ke1 Nxd4 43.Bxd4 Rxd4
44.h5 Rxb4 45.Rxa6 Rh4 46.h6 b4 47.Rb6 Kc7 48.Ke2 b3 49.Kxe3 b2 50.Rxb2  1/2-1/2

[Event "Bucharest"]
[Site "Bucharest"]
[Date "1993.??.??"]
[Round "?"]
[White "Neverov, Valeriy"]
[Black "Rogozenko, Dorin"]
[Result "1-0"]
[WhiteElo "2550"]
[BlackElo "2480"]

1.Nf3 Nf6 2.c4 c6 3.d4 d5 4.Nc3 a6 5.e3 b5 6.b3 Bg4 7.Be2 Nbd7 8.O-O e6 9.h3 Bh5
10.Ne5 Bxe2 11.Nxe2 Qc7 12.Bb2 Bd6 13.cxd5 cxd5 14.Rc1 Qb7 15.Qc2 O-O 16.Qc6 Qxc6
17.Rxc6 Bb4 18.Rfc1 Rfb8 19.Nf4 Nxe5 20.dxe5 Ne8 21.Nd3 Be7 22.f4 g6 23.g4 Ng7
24.Bd4 a5 25.Kf2 Kf8 26.Ke2 Ne8 27.f5 gxf5 28.gxf5 exf5 29.Nc5 Bxc5 30.Bxc5+ Kg7
31.Rg1+ Kh8 32.Bd4 Rb7 33.e6+ f6 34.Rg5 h6 35.Rxf5 Kg7 36.Rxd5 Kg6 37.Rd7 Rbb8
38.e4 Rc8 39.Rxc8 Rxc8 40.Be3 Rc2+ 41.Rd2 Rc6 42.e7 Rc7 43.Rd5 Rxe7 44.Rxb5 Rxe4
45.Rxa5 Rh4 46.Ra8 Ng7 47.a4 Rxh3 48.b4 Kf5 49.a5 Ne6 50.a6 Ke4 51.Bb6 Rh2+
52.Kf1 Rh1+ 53.Kg2 Ra1 54.Re8 Ra2+ 55.Kg3 Ra3+ 56.Kf2 Ra2+ 57.Kg3 Ra3+ 58.Kf2 Ra2+
59.Ke1 Rxa6 60.Rxe6+ Kf5 61.Rc6 Ra4  1-0

[Event "Bucharest ENE"]
[Site "Bucharest"]
[Date "1993.??.??"]
[Round "1"]
[White "Rogozenko, Dorin"]
[Black "Chernov, Vadim"]
[Result "0-1"]
[WhiteElo "2500"]
[BlackElo "2400"]

1.d4 d5 2.c4 c6 3.Nc3 Nf6 4.Nf3 a6 5.cxd5 cxd5 6.Bf4 Nc6 7.Rc1 Qb6 8.Na4 Qa5+
9.Bd2 Qc7 10.e3 Bg4 11.Qb3 Bxf3 12.gxf3 e6 13.Nc5 Bxc5 14.Rxc5 O-O 15.Bd3 Nd7
16.Rc1 f5 17.f4 Nf6 18.f3 Qf7 19.O-O h6 20.Rf2 Kh7 21.Rg2 Rg8 22.h4 Rac8
23.Qb6 Rc7 24.Bxa6 bxa6 25.Rxc6 Rb7 26.Qxa6 Rxb2 27.Rb6 Rb8 28.Rxb8 Rxb8
29.Qf1 Qh5 30.Be1 Ne8 31.Kh2 Rb1 32.Qf2 Nd6 33.Qg3 g6 34.Rc2 Nc4 35.Bf2 Kg7
36.Kg2 Kf6 37.Bg1 Ke7 38.Kf2 Kd7 39.Ke2 Na3 40.Rd2 Kc6 41.Kd3 Kb7 42.Ke2 Nc4
43.Rc2 Ka6 44.Kf2 Ka5 45.Kg2 Ka4 46.Kh2 Rf1 47.Rf2 Rc1 48.Rg2 Rd1 49.Bf2 Ka3
50.Qxg6 Qxf3 51.Qg3 Qe4 52.Bg1 Nd2 53.Qf2 Qd3 54.Kh3 Kb4 55.h5 Nc4 56.a3+ Kc3
57.Qg3 Qf1 58.a4 Rd3 59.Kh2 Qd1 60.Qh3 Nd2 61.Rf2 Ne4 62.Ra2 Kb3 63.Rg2 Nf6
64.a5 Ng4+ 65.Kh1 Rxe3 66.Qh4 Kc4 67.a6 Ra3 68.Rg3 Ra2 69.a7 Nf2+ 70.Kh2 Ne4+
71.Rg2 Rxa7 72.Qh3 Ra1 73.Qh4 Nd2 74.Qe7 Qxh5+  0-1

[Event "Bucharest (Women)"]
[Site "Bucharest"]
[Date "1993.??.??"]
[Round "5"]
[White "Stanciu, Gabriela"]
[Black "Ionescu Brandis, Irina"]
[Result "1/2-1/2"]
[WhiteElo "2260"]
[BlackElo "2185"]

1.d4 d5 2.c4 c6 3.Nf3 Nf6 4.Nc3 a6 5.Ne5 b5 6.cxd5 cxd5 7.Qb3 e6 8.Bg5 Be7
9.e3 O-O 10.Be2 Bb7 11.O-O Nbd7 12.Nxd7 Nxd7 13.Bxe7 Qxe7 14.a4 b4 15.Na2 a5
16.Bb5 Nb6 17.Qd3 Nc4 18.b3 Nd6 19.Rfc1 Rfc8 20.Qe2 Ne4 21.Qb2 Qd8 22.f3 Nd6
23.Bd3 Qg5 24.Qf2 Qd8 25.Rc5 Rxc5 26.dxc5 Ne8 27.Bb5 Rc8 28.Rc1 Bc6 29.Rc2 Qd7
30.Qe2 Nc7 31.Bd3 e5 32.Nc1 d4 33.e4 Ne6 34.Ba6 Bb7 35.Bb5 Bc6 36.Ba6 Bb7
37.Bb5 Bc6 38.Ba6  1/2-1/2